Catholic University of Zimbabwe Library
Online Public Access Catalogue
(OPAC)

Beyond proprietorship (Record no. 12195)

MARC details
000 -LEADER
fixed length control field 00576 a2200157 4500
245 ## - TITLE STATEMENT
Title Beyond proprietorship
Remainder of title : Murphrees's laws on community-based natural resources management in southern Africa
Medium print
020 ## - INTERNATIONAL STANDARD BOOK NUMBER
International Standard Book Number 9781779220721
650 ## - SUBJECT ADDED ENTRY--TOPICAL TERM
Topical term or geographic name entry element ZIMBABWE HISTORY 2000
260 ## - PUBLICATION, DISTRIBUTION, ETC.
Place of publication, distribution, etc. rh
Name of publisher, distributor, etc. Weaver Press
Date of publication, distribution, etc. c2009
084 ## -
-- HC900.Z65 B49 2009
300 ## - PHYSICAL DESCRIPTION
Extent vii, 202 p. : ill.
Other physical details 22 cm.
Dimensions vii, 202 p. : ill. ; 22 cm.
500 ## - GENERAL NOTE
General note edited by B.B. Mukamuri, J.M. Manjengwa & S. Anstey.

No items available.

OPENING HOURS

Weekdays: 0815hrs - 1800hrs
Weekends:0900hrs - 1200hrs

Closed for Mass:

Mon, Thur: 1200hrs - 1300hrs
Sunday & Public Holiday’s

CALL SUPPORT

0242-570570, 0242-570169
09200664, +263 8644140602

LOCATION

18443, Cranborne Avenue, Hatfield, Harare

Other Links


©2021 | CUZ Library